Un animal par lettre de l'alphabet - Statistiques

Statistiques générales
  • Ce quiz a été pris 4 092 fois
  • Le résultat moyen est 21 sur 25
Statistiques - réponses
Par images Réponse % Correct
Chien
99%
Baleine
98%
Éléphant
98%
Fourmi
98%
Girafe
98%
Araignée
97%
Hippopotame
96%
Kangourou
95%
Mouche
95%
Ours
95%
Perroquet
94%
Requin
94%
Tortue
94%
Serpent
93%
Dindon
92%
Limace
92%
Vache
91%
Zébre
91%
Jaguar
89%
Iguane
84%
Narval
68%
Yack
55%
Wapiti
43%
Quokka
15%
Uraete
3%
Aucun quiz correspondant
Distribution des résultats
% des personnes avec chaque résultat
Percentile par nombre de réponses
Votre historique - résultats
Vous n’avez pas pris ce quiz